| 000 | 00480cam a22001691 4500 | ||
|---|---|---|---|
| 082 |
_a540 _bCRA |
||
| 100 | 1 |
_aCranston, John Arnold. _940113 |
|
| 110 |
_aL-7, P-69. _940114 |
||
| 245 | 1 | 0 | _aRational approach to chemical principles. |
| 250 | _a2d ed. | ||
| 260 |
_aLondon, _bBlackie _c[1955] |
||
| 300 |
_a231 p. _billus. _c21 cm. |
||
| 526 |
_a0 _b0 _c0 _d540_000000000000000_CRA |
||
| 650 | 0 |
_aChemistry, Physical and theoretical. _91241 |
|
| 650 | 0 |
_aMCE _9379 |
|
| 942 |
_2ddc _cBK |
||
| 999 |
_c544478 _d544478 |
||